| 000 | 02207nam a22002777a 4500 | ||
|---|---|---|---|
| 005 | 20250624145756.0 | ||
| 008 | 250418b |||||||| |||| 00| 0 eng d | ||
| 020 | _a9781800610002 | ||
| 040 | _cSC | ||
| 041 |
_2eng _aeng |
||
| 084 | _aX:328 R3 | ||
| 245 |
_aInnovation analytics _b: Tools for competitive advantage |
||
| 260 |
_aLondon : _bWorld Scientific, _c2023. |
||
| 300 |
_aix, 313 p. _b: ill. _c: 23 cm. |
||
| 500 | _aIncludes index | ||
| 520 | _annovation analytics is an emerging paradigm that integrates information/knowledge, analytics, digital twins and artificial intelligence to support and manage the entire lifecycle of a product and process from inception, through engineering design and manufacture, to service and disposal of manufactured products. Innovation analytics is set to become an integral part of the innovation lifecycle to help make smart, agile decisions and accelerate business growth. Innovation Analytics: Tools for Competitive Advantage provides a comprehensive overview of the challenges and opportunities behind the latest research surrounding technological advances driving innovation analytics; the transition of analytical ideas to interdisciplinary teams; the development of deep synchronicity of skills and production innovation; and the use of innovation analytics in multiple stages of product and process evolution. In exploring the impact of emerging developments in the current climate, researchers and academics will be able to gain insight into real-world usage of analytics for innovation and its contribution toward society. As such, students, scientists, engineers, academics, and management professionals alike will find this title beneficial. | ||
| 650 |
_aTools and Techniques _9814466 |
||
| 650 |
_aData Sources for Innovation _9814467 |
||
| 650 |
_aApplication Areas _9814468 |
||
| 650 |
_aCase Studies _9732981 |
||
| 650 |
_aStrategic planning _9579989 |
||
| 700 |
_a Subramanian, Nachiappan _eeditor. _9814469 |
||
| 700 |
_aPonnambalam, S.G. _eeditor. _9811050 |
||
| 700 |
_aJanardhanan, Mukund _eeditor. _9811051 |
||
| 942 |
_2CC _cTEXL _hX:328 R3 _n0 |
||
| 999 |
_c1309139 _d1309139 |
||